[Event "Budapest FS02 Nadassy"]
[Site "Budapest"]
[Date "2020.02.11"]
[Round "10.4"]
[White "Moerman, Thomas"]
[Black "Poor, Sandor"]
[Result "1-0"]
[WhiteElo "1946"]
[BlackElo "2109"]
[PlyCount "63"]
[EventDate "2020.02.01"]
[EventType "team-schev"]
[EventRounds "14"]
[EventCountry "HUN"]
[SourceTitle "CBM 194 Extra"]
[Source "ChessBase"]
[SourceDate "2020.03.31"]
[SourceVersion "1"]
[SourceVersionDate "2020.03.31"]
[SourceQuality "1"]
[WhiteTeam "B Team Lower Elo"]
[BlackTeam "A Team Higher Elo"]
[WhiteTeamCountry "HUN"]
[BlackTeamCountry "HUN"]

1. d4 Nf6 2. c4 e6 3. g3 Bb4+ 4. Bd2 Bxd2+ 5. Qxd2 d6 6. Nf3 0-0 7. Bg2 a5 8. Nc3 Nbd7 9. 0-0 Re8 10. Ne1 e5 11. d5 Nc5 12. e4 c6 13. Nd3 Nxd3 14. Qxd3 cxd5 15. cxd5 Bd7 16. Rac1 Qb6 17. Rc2 Qd4 18. Qe2 Rac8 19. Rfc1 Rc5 20. a3 Rec8 21. Bf1 Bg4 22. Qe1 Nxe4 23. Nb5 Qxd5 24. Rxc5 Rxc5 25. Rxc5 Nxc5 26. Qxa5 Ne6 27. Qa8+ Nf8 28. Qb8 Qd2 29. Nxd6 Be6 30. b4 Qd1 31. Qc7 Bh3 32. Qxf7+ 1-0

[Event "BEL-ch U16"]
[Site "Blankenberge"]
[Date "2015.04.13"]
[Round "2"]
[White "De Coninck, Erik"]
[Black "Moerman, Thomas"]
[Result "1-0"]
[WhiteElo "1780"]
[BlackElo "1628"]
[PlyCount "93"]
[EventDate "2015.04.12"]
[EventType "swiss"]
[EventRounds "9"]
[EventCountry "BEL"]
[SourceTitle "CBM 166 Extra"]
[Source "ChessBase"]
[SourceDate "2015.06.18"]
[SourceVersion "1"]
[SourceVersionDate "2015.06.18"]
[SourceQuality "1"]

1. g3 d6 2. Bg2 Nf6 3. Nf3 e5 4. d3 c6 5. 0-0 Be7 6. c4 0-0 7. c5 d5 8. Nxe5 Bxc5 9. d4 Bd6 10. Nd3 Re8 11. Bf4 Bf5 12. Bxd6 Qxd6 13. e3 Nbd7 14. Nc3 Nb6 15. Nc5 Rab8 16. Re1 Ne4 17. N5xe4 Bxe4 18. Nxe4 dxe4 19. Qg4 Qe6 20. Qxe6 Rxe6 21. Rec1 Nd5 22. a3 f5 23. Bf1 g5 24. Bc4 Rd8 25. b4 Kf8 26. Rab1 f4 27. b5 Rf6 28. Bxd5 cxd5 29. Rc7 fxe3 30. fxe3 Rf7 31. Rf1 Rxf1+ 32. Kxf1 Ke8 33. Rxh7 Rd7 34. Rxd7 Kxd7 35. h4 Ke6 36. h5 g4 37. b6 a5 38. Ke1 Kf5 39. Kd2 Kg5 40. Kc3 Kxh5 41. Kb3 Kg6 42. Ka4 Kf6 43. Kxa5 Ke6 44. Kb5 Kd6 45. a4 Kd7 46. Kc5 Ke6 47. a5 1-0

[Event "Brasschaat op 13th"]
[Site "Brasschaat"]
[Date "2013.08.17"]
[Round "1"]
[White "Beniest, Rene"]
[Black "Moerman, Thomas"]
[Result "1-0"]
[WhiteElo "2138"]
[BlackElo "1621"]
[PlyCount "111"]
[EventDate "2013.08.17"]
[EventType "swiss"]
[EventRounds "9"]
[EventCountry "BEL"]
[SourceTitle "CBM 156 Extra"]
[Source "ChessBase"]
[SourceDate "2013.10.22"]
[SourceVersion "1"]
[SourceVersionDate "2013.10.22"]
[SourceQuality "1"]

1. d4 Nf6 2. c4 d6 3. Nf3 g6 4. g3 Bg7 5. Bg2 0-0 6. 0-0 c5 7. Nc3 Nc6 8. d5 Nb4 9. a3 Na6 10. e4 Bd7 11. Re1 Nc7 12. a4 Rb8 13. h3 e5 14. dxe6 Bxe6 15. Qe2 Re8 16. Bf4 Nh5 17. Bg5 Qd7 18. Kh2 h6 19. Be3 a6 20. a5 b6 21. Red1 bxa5 22. g4 Nf6 23. e5 Nh7 24. Rxd6 Qc8 25. Rxa5 Bf8 26. Rd1 Rb4 27. Nd5 Nxd5 28. cxd5 Bd7 29. Qxa6 Qxa6 30. Rxa6 Rxb2 31. Bf1 Ng5 32. Nxg5 hxg5 33. e6 fxe6 34. dxe6 Bxe6 35. Rxe6 Rxe6 36. Bc4 Kf7 37. Kg2 Kf6 38. Bxe6 Kxe6 39. Kf3 Be7 40. Ke4 Rb4+ 41. Kd3 Ke5 42. Bd2 Rb3+ 43. Bc3+ Kf4 44. Kc4 Rb7 45. Rd3 Bf8 46. Re3 Re7 47. Rd3 Re4+ 48. Kd5 Re2 49. Bd2+ Rxd2 50. Rxd2 Kf3 51. Ke6 c4 52. Rc2 Bc5 53. Kf6 Bxf2 54. Kxg5 Be3+ 55. Kxg6 Kg3 56. Rc3 1-0

[Event "NED-ch U14 op"]
[Site "Borne"]
[Date "2013.08.07"]
[Round "5"]
[White "Huttl, Sofie"]
[Black "Moerman, Thomas"]
[Result "1/2-1/2"]
[WhiteElo "1568"]
[BlackElo "1663"]
[PlyCount "42"]
[EventDate "2013.08.05"]
[EventType "swiss"]
[EventRounds "9"]
[EventCountry "NED"]
[SourceTitle "EXT 2015"]
[Source "ChessBase"]
[SourceDate "2014.11.20"]
[SourceVersion "1"]
[SourceVersionDate "2014.11.20"]
[SourceQuality "1"]

1. e4 d6 2. d4 Nf6 3. Nc3 g6 4. Nf3 Bg7 5. Be2 0-0 6. 0-0 c5 7. Be3 Ng4 8. Bc1 Na6 9. h3 Nf6 10. Bxa6 bxa6 11. dxc5 dxc5 12. Qe2 Qb6 13. Rd1 Be6 14. Nd5 Qb7 15. c4 Bc8 16. Bg5 Nxd5 17. exd5 f6 18. Bf4 Bf5 19. a4 Bc8 20. Re1 Rf7 21. Rab1 h6 1/2-1/2

[Event "NED-ch U14 op"]
[Site "Borne"]
[Date "2013.08.06"]
[Round "3"]
[White "Bekedam, Tyro"]
[Black "Moerman, Thomas"]
[Result "1/2-1/2"]
[WhiteElo "1771"]
[BlackElo "1663"]
[PlyCount "37"]
[EventDate "2013.08.05"]
[EventType "swiss"]
[EventRounds "9"]
[EventCountry "NED"]
[SourceTitle "EXT 2015"]
[Source "ChessBase"]
[SourceDate "2014.11.20"]
[SourceVersion "1"]
[SourceVersionDate "2014.11.20"]
[SourceQuality "1"]

1. e4 d6 2. d4 Nf6 3. Nc3 g6 4. Nf3 Bg7 5. Be3 0-0 6. Bc4 Ng4 7. 0-0 Nxe3 8. fxe3 c5 9. Qd2 Na6 10. Rf2 Nc7 11. Raf1 Be6 12. Bxe6 Nxe6 13. d5 Nc7 14. Nd1 b5 15. b3 b4 16. c3 a5 17. c4 Qd7 18. Nb2 Qg4 19. Qd3 1/2-1/2

[Event "NED-ch U14 op"]
[Site "Borne"]
[Date "2013.08.06"]
[Round "2"]
[White "Moerman, Thomas"]
[Black "Baselmans, Sam"]
[Result "1/2-1/2"]
[WhiteElo "1663"]
[BlackElo "1369"]
[PlyCount "61"]
[EventDate "2013.08.05"]
[EventType "swiss"]
[EventRounds "9"]
[EventCountry "NED"]
[SourceTitle "EXT 2015"]
[Source "ChessBase"]
[SourceDate "2014.11.20"]
[SourceVersion "1"]
[SourceVersionDate "2014.11.20"]
[SourceQuality "1"]

1. Nf3 f5 2. g3 Nf6 3. Bg2 e6 4. 0-0 d5 5. d3 Bd6 6. c4 c6 7. Na3 Qe7 8. Nc2 0-0 9. Be3 b6 10. Rc1 Bb7 11. Ncd4 Ng4 12. Bg5 Qd7 13. h3 Ne5 14. a3 h6 15. Be3 Nxf3+ 16. Nxf3 e5 17. c5 Bc7 18. d4 f4 19. Bd2 fxg3 20. Nxe5 Qe6 21. fxg3 Rxf1+ 22. Qxf1 bxc5 23. e3 Bxe5 24. dxe5 Qxe5 25. Qf2 Nd7 26. Bc3 Qe6 27. Re1 Rf8 28. Qc2 Qd6 29. Kh2 Nf6 30. Qg6 Qc7 31. Rf1 1/2-1/2